00605nam a2200193Ia 450000500170000000800410001702000200005804000190007804100120009708200150010910000240012424500670014826000300021530000310024550400520027665000180032865100550034685000100040120220719151103.0131103s9999 xx 000 0 und d aSBN 471 88790 0 aLoreto College aEnglish a304.6bTRE aTrewartha, Glenn T. 2aA Geography of populationb world patterns cGlenn T.Trewartha aNewYorkbJohn Wileyc1969 a186p.b ill.figures , maps aIncludes bibliographical references and indexF apopulation -  aFactors affecting social behaviour - Population -  aLCLIB